Soustava zdravotní péče evropských VKZ

Saved in:
Bibliographic Details
Main Author: Kružík, Lubomír
Format: Book
Language:Czech
Published: Praha Ústředí vědeckých, technických a ekonomických informací 1989
Tags: Add Tag
No Tags, Be the first to tag this record!

MARC

LEADER 00000nam a2200000 4500
001 c028440
005 20251204103745.0
041 0 |a cze 
044 |a CZ 
245 1 0 |a Soustava zdravotní péče evropských VKZ  |c Lubomír Kružík 
264 1 |a Praha  |b Ústředí vědeckých, technických a ekonomických informací  |c 1989 
300 |a 57 s. 
100 1 |a Kružík, Lubomír